000 00461nam a2200169 4500
001 109808
003 ES-MaACL
005 20230906184921.0
007 t|
008 061121s1961 sp r ||||1| spa d
100 1 _aMuñoz, J.
_984314
245 1 0 _aCorrespondencia general
_b: Método práctico /
_cJ. Muñoz.
250 _a12ª. ed.
260 _aBarcelona :
_bCots,
_c1961.
300 _a240 p. :
_bil. ;
_c21 cm.
852 _aES-MaACL
_jC-21633
_bR.50543
999 _c109808
_d109808